00610nam a2200181Ia 4500003000900000008004100009020001800050040001600068080001600084245015700100260003700257300001400294490004300308650001400351650001300365700002100378700002900399IN-BaIIA211028s9999 xx 000 0 eng d a0-7923-4725-0 cIIA Library a524.83bGEO 0aGeometry, fields and cosmologybtechniques and applicationscedited by B. R. Iyer and C. V. Vishveshwara  aDordrechtbKluwer Academicc1997 axv, 553p. aFundamental theories of physics; v. 88 aCosmology aGeometry aIyer, B. R., ed. aVishveshwara, C. V., ed.